00255nam a2200109 a 450000500170000000800410001705000220005810000190008024500130009944000210011265000120013320140414131934.0100520s19uu xx 00 eng d aREF 577bP65 2000 aPollock, Steve aEcology. aEyewitness books aEcology